| 000 | 00476nam a2200193 a 4500 | ||
|---|---|---|---|
| 001 | 5805 | ||
| 003 | CO-ViMGA | ||
| 008 | 141112s2004 ck r 000 u spa d | ||
| 040 |
_aCO-ViMGA _bspa _cCO-ViMGA |
||
| 082 | 0 | 4 | _aJANs |
| 100 | 1 | _aJanosch | |
| 245 | 1 | 0 | _aAventuras en el baul de los juguetes |
| 250 | _a2a | ||
| 260 |
_aBarcelona : _bLabor, _c1982 |
||
| 300 | _a100 p : il | ||
| 490 | _aBolsillo juvenil, 10 | ||
| 650 | 1 | 4 |
_aCUENTOS INFANTILES _92743 |
| 942 |
_2ddc _cBK |
||
| 999 |
_c17783 _d17783 |
||